[Event "32nd ch-BAN"]
[Site "Dhaka BAN"]
[Date "2006.03.16"]
[Round "6"]
[White "Hasan Md,E"]
[Black "Murshed,N"]
[Result "0-1"]
[WhiteElo "2147"]
[BlackElo "2460"]
[EventDate "2006.03.10"]

1. e4 g6 2. d4 Bg7 3. Nc3 c6 4. Be3 d6 5. Qd2 Nd7 6. Nf3 Qc7 7. Bd3 b5 8.
O-O Bb7 9. Ne2 a6 10. a4 c5 11. c3 c4 12. Bc2 Ngf6 13. Ng3 Ng4 14. axb5
Nxe3 15. Qxe3 axb5 16. Rxa8+ Bxa8 17. Ra1 O-O 18. d5 Bb7 19. h4 Qc5 20.
Qxc5 dxc5 21. Ra5 Ra8 22. Rxb5 Ra1+ 23. Kh2 Ba6 24. Rxc5 Nxc5 25. e5 Rc1
26. Be4 Nxe4 27. Nxe4 0-1